Nghiên cứu khả năng sinh trưởng, phát triển và chất lượng của một số loài rau trồng bằng phương pháp thủy canh hồi lưu trong điều kiện sinh thái đo thị Đà Nẵng

Tổng quan tài liệu: Giới thiệu về kỹ thuật thủy canh và hệ thống thủy canh hồi lưu. Tình hình nghiên cứu và ứng dụng thủy canh hồi lưu trên thế giới và ở Việt Nam...Đối tượng và phương pháp nghiên cứu...Kết quả nghiên cứu và bàn luận....

ver descrição completa

Na minha lista:
Detalhes bibliográficos
Autor principal: Trần, Thị Thành Trâm (Tác giả)
Outros Autores: Võ Văn Minh T.S (Hướng dẫn)
Formato: Livro
Idioma:Vietnamese
Publicado em: Đà Nẵng Đại học Đà Nẵng 2011
Assuntos:
Tags: Adicionar Tag
Sem tags, seja o primeiro a adicionar uma tag!
Thư viện lưu trữ: Mạng thư viện Đại học Đà Nẵng
LEADER 01739nam a2200349 4500
001 000012620
003 8928
005 20120223070224.0
008 120223s2011 viesd
041 |a vie 
072 |a Luận văn Thạc sĩ 
082 |a 635.3  |b TR-T 
100 |a Trần, Thị Thành Trâm  |e Tác giả 
245 |a Nghiên cứu khả năng sinh trưởng, phát triển và chất lượng của một số loài rau trồng bằng phương pháp thủy canh hồi lưu trong điều kiện sinh thái đo thị Đà Nẵng  |c Trần Thị Thành Trâm 
260 |a Đà Nẵng  |b Đại học Đà Nẵng  |c 2011 
300 |a 69 tr.  |b Hình ảnh  |c 29 cm  |e CD, Tóm tắt 
500 |a Luận văn Thạc sĩ khoa học. Chuyên ngành: Sinh thái học. Mã số: 60.42.60 
520 |a Tổng quan tài liệu: Giới thiệu về kỹ thuật thủy canh và hệ thống thủy canh hồi lưu. Tình hình nghiên cứu và ứng dụng thủy canh hồi lưu trên thế giới và ở Việt Nam...Đối tượng và phương pháp nghiên cứu...Kết quả nghiên cứu và bàn luận. 
653 |a Sinh trưởng 
653 |a Loài rau 
653 |a Phương pháp thủy canh 
700 |a Võ Văn Minh  |c T.S  |e Hướng dẫn 
OWN |a LSP 
AVA |a UDN50  |b LSP  |d 635.3 TR-T  |e available  |t Error 5001 Not defined in file expand_doc_bib_avail.  |f 1  |g 0  |h N  |i 0  |k 1 
999 |a From the UDN01 
AVA |a UDN50  |b LSP  |d 635.3 TR-T  |e available  |t Error 5001 Not defined in file expand_doc_bib_avail.  |f 1  |g 0  |h N  |i 0  |k 1 
TYP |a Monograph 
TYP |a Printed language 
980 |a Mạng thư viện Đại học Đà Nẵng